000 02327njm a2200349 c 4500
001
003 DO-SdBNP
005 20240314095128.0
008 160127s 2010 mx d spa
015 _a
017 _a
_b
020 _a9789681605888
035 _a
040 _aBPMSU
_bspa
_cBPMSU
_e
082 4 _a972.083
_bS586b 2010
_222
084 _a
_2
100 1 _aSilva Herzog, Jesús,
_d1892-1985.
_4
245 1 0 _aBreve historia de la revolución mexicana /
_cJesús Silva Herzog
_b
260 _aMéxico :
_bFondo de Cultura Econonómica,
_c2010
300 _av. :
_bils. ;
_c19 cm.
_e
490 0 _aPopular,
_v17
500 _a Incluye bibliografías e índice.
504 _aIncluye bibliografía.
505 0 _av.1 Los antecedentes de la etapa maderista. -- v.2 La etapa constitucionalista y la lucha de facciones.
520 _aMéxico ejerció un atractivo singular, hecho de fascinación y terror, sobre varios escritores anglosajones notables del siglo XX. Pero sólo en Malcolm Lowry la mezcla de la vida y la obra alcanza abismos en verdad infernales, volcánicos, como hay tantos en la geografía mexicana. Los devotos lectores de Bajo el volcán (1947) -sin exageración, una de las cumbres literarias del siglo XX- supieron siempre que aquella novela magistral escondía claves personales que pedían una biografía definitiva que las revelara. Nadie mejor que Gordon Bowker para escribirla. Biógrafo de Orwell y Durrell y compilador editorial de Lowry, Bowker explora con detalle acucioso, a partir de fuentes y testimonios hasta ahora desconocidos, y con una sensibilidad a un tiempo cuidadosa y descarnada, el laberinto existencial de Lowry: el insensato suicidio al que orilló a un amigo de la juventud y la estela de culpa; el alcoholismo agresivo; sus dos matrimonios; la pérdida de sus manuscritos; el incendio de su casa; su tránsito por ciudades, prisiones, cantinas y sanatorios; su torturada relación con médicos, editores, familiares, doctores; su misteriosa muerte.
534 _pTítulo original :
_tPersued by furies. A life of Malcolm Lowry
590 _aInventariado, 2024/VM
651 4 _aMéxico
_xHistoria
_y Revolución, 1910-1917
710 2 _aFondo de Cultura Económica (México)
910 _aVMateo V. Control de calidad. BPMSU
942 _2ddc
_cBK
999 _c14592
_d14592